Los tratados sobre derechos humanos y el derecho interno /

Đã lưu trong:
Chi tiết về thư mục
Tác giả chính: Gros Espiell, Héctor
Định dạng: Texto
Các nhãn: Thêm thẻ
Không có thẻ, Là người đầu tiên thẻ bản ghi này!

MARC

LEADER 00000 a a2200000 04500
001 45351
003
040
090 |a REV0780 (19)1986  
100 |a Gros Espiell, Héctor  
245 |a Los tratados sobre derechos humanos y el derecho interno /  |c Héctor Gros Espiell  
773 |g número19, III Epoca, (julio - diciembre, 1986), páginas 49-62  
999 |c 34900  |d 34900